Statistics for Chief Keef Quiz

Click here to take the quiz!

General Stats

  • This quiz has been taken 1,139 times
  • The average score is 6 of 12

Answer Stats

HintAnswer% Correct
Where Is He From?Chicago
96%
What Is His Real Name?Keith Cozart
90%
What Does He Call The Block He Is From?Oblock
62%
What Is The Name Of His Set? (Its A Number)300
61%
What Is The Name Of His First Mixtape?Bang
50%
What Is His First Album Name?Finally Rich
44%
What Is His Daughter Name?Kay Kay
36%
What Gang Is He In?Black Disciples
35%
Wha Is The Name Of His Cousin That Is Also In His Gang?Fredo Santana
30%
What Record Label Is He Signed To?Interscope
28%
What Does He Call The Street He Is From?Lamron
26%
What His Favorite Ad-Lib?Bang Bang
24%

Score Distribution

Percentile by Number Answered

Percent of People with Each Score

Your Score History

You have not taken this quiz